000 00552nam a2200205Ia 4500
003 GCL
008 140319s9999 xx 000 0 aRus d
040 _aGCL /
_cGCL
082 0 4 _a861
_bR M
100 1 _aRIECHMANN,JORGE
245 1 0 _aMATERIAL MOVIL:PRECEDIDO DE 27 MANERAS DE RESPONDER A UN GOLPE /
_cRIECHMANN,JORGE
260 _a[S.N] :
_bEDITORIAL ANAGRAMA ،
_c1993
300 _a120 P.
650 0 4 _aLITERATURE
650 0 4 _aPOETRY
650 0 4 _aSPANISH LITERATURE
650 0 4 _aLITERACY
650 0 4 _aSPANISH POETRY
942 _2ddc
_cBK
999 _c12821
_d12821